| 000 | 00404nam a2200157Ia 4500 | ||
|---|---|---|---|
| 008 | 210716s2009 xx 000 0 und d | ||
| 020 | _a9788122426137 | ||
| 041 | _aeng | ||
| 082 | _a005.1331 JUNB | ||
| 100 | _aJuneja, B L;Seth, Anita. | ||
| 245 | _aProgramming with C++. | ||
| 250 | _a1 | ||
| 260 |
_aNew Delhi _bNew Age International Pvt Ltd _c2009 |
||
| 300 | _axvi;656 | ||
| 650 | _aC Programming | ||
| 999 |
_c192056 _d192056 |
||